Political theory (Record no. 14368)
[ view plain ]
| 000 -LEADER | |
|---|---|
| fixed length control field | 00598nam a2200193 a 4500 |
| 001 - CONTROL NUMBER | |
| control field | ASIN8121906644 |
| 005 - DATE AND TIME OF LATEST TRANSACTION | |
| control field | 20170105102853.0 |
| 008 - FIXED-LENGTH DATA ELEMENTS--GENERAL INFORMATION | |
| fixed length control field | 130822s2004 xxu eng d |
| 020 ## - INTERNATIONAL STANDARD BOOK NUMBER | |
| International Standard Book Number | 8121906644 (paperback) |
| 020 ## - INTERNATIONAL STANDARD BOOK NUMBER | |
| International Standard Book Number | 9788121906647 (paperback) |
| 040 ## - CATALOGING SOURCE | |
| Original cataloging agency | 0 |
| 100 1# - MAIN ENTRY--PERSONAL NAME | |
| Personal name | Aggarwal, R.C. |
| 245 10 - TITLE STATEMENT | |
| Title | Political theory |
| Remainder of title | Principles of Political Science |
| Statement of responsibility, etc. | R.C. Aggarwal. |
| 250 ## - EDITION STATEMENT | |
| Edition statement | 8th ed. |
| 260 ## - PUBLICATION, DISTRIBUTION, ETC. | |
| Place of publication, distribution, etc. | [S.l.] : |
| Name of publisher, distributor, etc. | S Chand & Co Ltd, |
| Date of publication, distribution, etc. | 2004. |
| 300 ## - PHYSICAL DESCRIPTION | |
| Extent | 558 p. ; |
| Dimensions | 22 cm. |
| 856 40 - ELECTRONIC LOCATION AND ACCESS | |
| Materials specified | Amazon.com |
| Uniform Resource Identifier | <a href="http://www.amazon.com/exec/obidos/ASIN/8121906644/chopaconline-20">http://www.amazon.com/exec/obidos/ASIN/8121906644/chopaconline-20</a> |
| 942 ## - ADDED ENTRY ELEMENTS (KOHA) | |
| Source of classification or shelving scheme | |
| Koha item type | Book |
| Withdrawn status | Lost status | Damaged status | Not for loan | Collection code | Permanent Location | Current Location | Shelving location | Date acquired | Total Checkouts | Full call number | Barcode | Date last seen | Price effective from | Koha item type |
|---|---|---|---|---|---|---|---|---|---|---|---|---|---|---|
| Centre for International Peace & Stability (CIPS) | Centre for International Peace & Stability (CIPS) | General Stacks | 08/22/2013 | 320.1 AGA 1976 | CIPS0000510 | 08/22/2013 | 08/22/2013 | Book |
